محركات الديزل : (رقم التسجيلة. 64843)

تفاصيل مارك
000 -LEADER
fixed length control field 00527nam a22001697a 4500
005 - DATE AND TIME OF LATEST TRANSACTION
control field 20251108171855.0
008 - FIXED-LENGTH DATA ELEMENTS--GENERAL INFORMATION
fixed length control field 250721s1987 xx 000 0 ara d
082 14 - DEWEY DECIMAL CLASSIFICATION NUMBER
Classification number 621.43/أحم
100 1# - MAIN ENTRY--PERSONAL NAME
Personal name ناصيف، أحمد
245 10 - TITLE STATEMENT
Title محركات الديزل :
Remainder of title أسئلة و أجوبة /
264 1# - PRODUCTION, PUBLICATION, DISTRIBUTION, MANUFACTURE, AND COPYRIGHT NOTICE
Place of production, publication, distribution, manufacture دمشق :
Name of producer, publisher, distributor, manufacturer دار الكتاب العربي،
Date of production, publication, distribution, manufacture, or copyright notice 1987.
300 ## - PHYSICAL DESCRIPTION
Extent 131ص : رسومات
490 0# - SERIES STATEMENT
Series statement السلسلة العلمية المبسطة
650 17 - SUBJECT ADDED ENTRY--TOPICAL TERM
Topical term or geographic name as entry element المحركات
942 ## - ADDED ENTRY ELEMENTS (KOHA)
Source of classification or shelving scheme Dewey Decimal Classification
Koha item type كتب
المقتنيات
حالة السحب حالة الفقدان مصدر التصنيف حالة التلف غير قابل للإعارة المكتبة الرئيسية المكتبة الحالية موقع الرف تاريخ التزويد الرقم المتسلسل Total Checkouts رقم الإستدعاء الباركود تاريخ آخر ظهور تاريخ الفاتورة نوع المادة (كوها)
    Dewey Decimal Classification     مكتبة النصر العامة مكتبة النصر العامة الإعارة 21/03/2015 [ 126 ]]   621.43/أحم PLD00378515 28/07/2025 21/03/2015 كتب
Implemented & Customized by: BBB with SCIT (Smart Chains for Information Technology)

Powered by Koha